<?xml version="1.0" encoding="UTF-8"?>
<collection xmlns="http://www.loc.gov/MARC21/slim">
 <record>
  <leader>01942naa a2200265 i 4500</leader>
  <controlfield tag="001">acta74986</controlfield>
  <controlfield tag="005">20231205112504.0</controlfield>
  <controlfield tag="008">220325s2018    hu      o     1||   hun d</controlfield>
  <datafield tag="020" ind1=" " ind2=" ">
   <subfield code="a">978-963-306-640-9</subfield>
  </datafield>
  <datafield tag="022" ind1=" " ind2=" ">
   <subfield code="a">2063-3807</subfield>
  </datafield>
  <datafield tag="040" ind1=" " ind2=" ">
   <subfield code="a">SZTE Egyetemi Kiadványok Repozitórium</subfield>
   <subfield code="b">hun</subfield>
  </datafield>
  <datafield tag="041" ind1=" " ind2=" ">
   <subfield code="a">hun</subfield>
  </datafield>
  <datafield tag="041" ind1=" " ind2=" ">
   <subfield code="a">eng</subfield>
  </datafield>
  <datafield tag="100" ind1="1" ind2=" ">
   <subfield code="a">Kocsis Réka</subfield>
  </datafield>
  <datafield tag="245" ind1="1" ind2="2">
   <subfield code="a">A közjog a magánjog küszöbén? </subfield>
   <subfield code="h">[elektronikus dokumentum] :</subfield>
   <subfield code="b">az alkotmányos polgári jogi értékek tartalma, különös tekintettel a jóerkölcsre /</subfield>
   <subfield code="c"> Kocsis Réka</subfield>
  </datafield>
  <datafield tag="260" ind1=" " ind2=" ">
   <subfield code="c">2018</subfield>
  </datafield>
  <datafield tag="300" ind1=" " ind2=" ">
   <subfield code="a">151-160</subfield>
  </datafield>
  <datafield tag="490" ind1="0" ind2=" ">
   <subfield code="a">Szegedi Jogász Doktorandusz Konferenciák</subfield>
   <subfield code="v">8</subfield>
  </datafield>
  <datafield tag="490" ind1="0" ind2=" ">
   <subfield code="a">Jog határok nélkül</subfield>
   <subfield code="v">8</subfield>
  </datafield>
  <datafield tag="520" ind1="3" ind2=" ">
   <subfield code="a">Coherence between constitutional law and civil law in practice raises a number of dogmatic questions and issues arise in connection with the practice as well. Article I, paragraph (3) of the Fundamental Law of Hungary represents one of these issues and the many questions that it raises, with constitutional values being in the focus of this paper. How to define the concept of these values? Where to place them in the dogmatic framework of constitutional law? How do these constitutional values correlate to fundamental rights? In trying to answer these questions, the existence and content of the common legal values will be examined, along with the role of these values in practice, with a particular view on good morals. It is a question whether we can talk about the emergence of these values in horizontal legal relations as a sign of the disappearance of the strict confines between constitutional (public) and civil (private) law.</subfield>
  </datafield>
  <datafield tag="650" ind1=" " ind2="4">
   <subfield code="a">Társadalomtudományok</subfield>
  </datafield>
  <datafield tag="650" ind1=" " ind2="4">
   <subfield code="a">Jogtudomány</subfield>
  </datafield>
  <datafield tag="695" ind1=" " ind2=" ">
   <subfield code="a">Közjog, Polgári jog - magyar, Alkotmányjog - magyar, Emberi jogok</subfield>
  </datafield>
  <datafield tag="710" ind1=" " ind2=" ">
   <subfield code="a">Jog határok nélkül (2017) (Szeged)</subfield>
  </datafield>
  <datafield tag="856" ind1="4" ind2="0">
   <subfield code="u">http://acta.bibl.u-szeged.hu/74986/1/szegedi_jogasz_doktorandusz_konf_008_151-160.pdf</subfield>
   <subfield code="z">Dokumentum-elérés </subfield>
  </datafield>
 </record>
</collection>
